000 00616nam a2200205Ia 4500
003 GCL
008 140319s9999 xx 000 0 ara d
040 _aGCL /
_cGCL
082 0 4 _a922.2
_bن ب
100 1 _aنعم الباز
245 1 0 _aالباقورى ثائر تحت العمامة /
_cنعم الباز
260 _a[S.N] :
_bالهيئة المصرية العامة للكتاب ،
_c1988
300 _a175 ص
490 _a
650 0 4 _aالدين الاسلامى
650 0 4 _aرجال الدولة
650 0 4 _aالوزراء
650 0 4 _aالعلماء المسلمون
942 _2ddc
_cBK
999 _c28232
_d28232